[Event "IRI-ch U12 Girls"]
[Site "Chess.com INT"]
[Date "2021.01.16"]
[Round "6"]
[White "Alavi, Mahsa"]
[Black "Ebrahimi Rashti, Asal"]
[Result "1-0"]
[WhiteElo "1549"]
[BlackElo "1575"]
[PlyCount "81"]
[EventDate "2021.01.16"]
[EventType "swiss"]
[EventRounds "9"]
[EventCountry "IRI"]
[SourceTitle "EXT 2022"]
[Source "ChessBase"]
[SourceDate "2021.10.06"]
[SourceVersion "1"]
[SourceVersionDate "2021.10.06"]
[SourceQuality "1"]

1. e4 c5 2. Nf3 e6 3. d4 cxd4 4. Nxd4 Nf6 5. Nc3 d6 6. Be3 Be7 7. f3 a6 8. Qd2 0-0 9. 0-0-0 Nc6 10. Kb1 Nxd4 11. Bxd4 b5 12. g4 Nd7 13. Bf2 Bb7 14. h4 Rc8 15. Bg3 Ne5 16. Qe3 Qc7 17. Rd2 Rfd8 18. h5 Ba8 19. g5 b4 20. Nd1 Bxg5 21. f4 Bh6 22. Bh4 Re8 23. Rg1 Nc4 24. Bxc4 Qxc4 25. Nf2 d5 26. Ng4 g6 27. Nxh6+ Kg7 28. f5 exf5 29. Nxf5+ Kg8 30. Nd6 Qc7 31. Nxe8 Rxe8 32. Qg3 Qc5 33. exd5 Bxd5 34. hxg6 hxg6 35. Rgd1 Be4 36. Qb3 Qh5 37. Bf6 Bf3 38. Rd8 Qb5 39. Rxe8+ Qxe8 40. Rd8 Qxd8 41. Bxd8 1-0

[Event "IRI-ch U12 Girls"]
[Site "Chess.com INT"]
[Date "2021.01.16"]
[Round "9"]
[White "Ansari Mahyari, Diana"]
[Black "Ebrahimi Rashti, Asal"]
[Result "0-1"]
[WhiteElo "1051"]
[BlackElo "1575"]
[PlyCount "36"]
[EventDate "2021.01.16"]
[EventType "swiss"]
[EventRounds "9"]
[EventCountry "IRI"]
[SourceTitle "EXT 2022"]
[Source "ChessBase"]
[SourceDate "2021.10.06"]
[SourceVersion "1"]
[SourceVersionDate "2021.10.06"]
[SourceQuality "1"]

1. d4 Nf6 2. c4 e6 3. Nf3 b6 4. Nc3 Bb4 5. Bd2 Bb7 6. e3 Bxc3 7. Bxc3 Ne4 8. Bb4 d6 9. Bd3 0-0 10. 0-0 f5 11. Qe2 Nd7 12. Nd2 Qh4 13. Nf3 Qh5 14. Rad1 Rf6 15. Bc2 Rh6 16. h3 Ng5 17. d5 Nxh3+ 18. gxh3 Qxh3 0-1

[Event "IRI-ch U12 Girls"]
[Site "Chess.com INT"]
[Date "2021.01.16"]
[Round "4"]
[White "Ebrahimi Rashti, Asal"]
[Black "Gholizadeh, Romina"]
[Result "1-0"]
[WhiteElo "1575"]
[BlackElo "1254"]
[PlyCount "115"]
[EventDate "2021.01.16"]
[EventType "swiss"]
[EventRounds "9"]
[EventCountry "IRI"]
[SourceTitle "EXT 2022"]
[Source "ChessBase"]
[SourceDate "2021.10.06"]
[SourceVersion "1"]
[SourceVersionDate "2021.10.06"]
[SourceQuality "1"]

1. e4 c5 2. Nf3 d6 3. d4 cxd4 4. Nxd4 Nf6 5. Nc3 Nc6 6. f3 g6 7. Be3 Bg7 8. Qd2 0-0 9. Bc4 Bd7 10. h4 Na5 11. Bb3 Nxb3 12. Nxb3 Qc7 13. 0-0-0 b5 14. h5 b4 15. Ne2 Rfc8 16. hxg6 fxg6 17. Nf4 Qb7 18. g4 a5 19. Kb1 a4 20. Nc1 a3 21. b3 Qc7 22. g5 Ne8 23. Nd5 Qd8 24. Bb6 Rc7 25. Nxc7 Nxc7 26. Bxc7 Qxc7 27. Ne2 Qc5 28. Qd5+ Qxd5 29. exd5 Bf5 30. Ng3 Bd7 31. Rh4 Be5 32. f4 Bg7 33. Rh2 Rf8 34. Rf2 Be5 35. Rdf1 Bh3 36. fxe5 Bxf1 37. Rxf8+ Kxf8 38. Nxf1 dxe5 39. Kc1 Ke8 40. Kd2 Kd7 41. Ke3 e6 42. dxe6+ Kxe6 43. Ke4 Kd6 44. Nd2 Ke6 45. Nc4 Kf7 46. Nxe5+ Ke6 47. Nd3 Kd6 48. Nxb4 Kc5 49. Nd3+ Kb5 50. c4+ Kc6 51. Kd4 Kd6 52. c5+ Kc6 53. Ne5+ Kc7 54. Kd5 Kc8 55. Kd6 Kb8 56. c6 Kc8 57. c7 h5 58. gxh6 1-0